000 01211nam a2200289 c 4500
999 _c57614
_d57614
003 BLK
005 20220704100213.0
008 180408b bul|||||r ||||||| ||bul||
010 _aKNG00061620000
040 _aBLK
041 _aBUL
_cBUL
080 _aТорове. Торене. Стимулиране растежа на растенията. Растителни стимулатори
_b631.8
_x(075.8)
_z631.8(075.8)
100 1 _aСтанчев, Лазар
_eпърви автор
_9287735
139 _aСтанчев, Лазар и др.
245 1 0 _aАгрохимия
_bУчебник за студентите от висшите селскостоп. инст.
_cЛазар Станчев; съавт. Евгений Левенсон; съавт. Доменика Бобошевска.
257 _aBGR
260 _bХристо Г. Данов
_c1971
_aПловдив
300 _a423 с.
_c21 см
380 _a63
700 1 _aЛевенсон, Евгений
_eсъавт.
_9287736
700 1 _aБобошевска, Доменика
_eсъавт.
_9287737
852 _aЦб 57561
856 4 _qpdf
856 4 _qpdf
942 _cKNG
_n0
_s1
944 _aCR
_c13.06.2004
_kЧиталня
944 _aED
_c28.09.2015
999 _d57614